Kỹ thuật trồng, chăm sóc cây ăn quả theo ISO / Q.5: Cây xoài
v.v...
Đã lưu trong:
| Tác giả chính: | |
|---|---|
| Định dạng: | Sách |
| Năm xuất bản: |
H.:
Lao động - xã hội,
2006.-
|
| Chủ đề: | |
| Tags: |
Thêm thẻ
Không có thẻ, Hãy là người đầu tiên gắn thẻ bản ghi này!
|
| LEADER | 02046nam a2200253 4500 | ||
|---|---|---|---|
| 082 | |a 634.44 |b K600th | ||
| 100 | |a Nhiều tác giả | ||
| 245 | |a Kỹ thuật trồng, chăm sóc cây ăn quả theo ISO / |c Lê Văn Tố, Nguyễn Duy Đức, Nguyễn Ngữ,...- |n Q.5: |p Cây xoài | ||
| 260 | |a H.: |b Lao động - xã hội, |c 2006.- | ||
| 300 | |a 126 tr.; |c 21 cm. | ||
| 520 | |a v.v... | ||
| 653 | |a Cây xoài - Trồng - Chăm sóc | ||
| 942 | |2 ddc |c STK0 | ||
| 999 | |c 6233 |d 6233 | ||
| 952 | |0 0 |1 0 |2 ddc |4 0 |6 634_440000000000000_K600TH |7 0 |8 600 |9 57243 |a qbu |b qbu |c D3 |d 2015-01-16 |g 16000 |o 634.44 K600th |p 6162.c1 |r 0000-00-00 |w 2015-01-16 |y STK0 | ||
| 952 | |0 0 |1 0 |2 ddc |4 0 |6 634_440000000000000_K600TH |7 0 |8 600 |9 57244 |a qbu |b qbu |c D3 |d 2015-01-16 |g 16000 |o 634.44 K600th |p 6162.c2 |r 0000-00-00 |w 2015-01-16 |y STK0 | ||
| 952 | |0 0 |1 0 |2 ddc |4 0 |6 634_440000000000000_K600TH |7 0 |8 600 |9 57245 |a qbu |b qbu |c D3 |d 2015-01-16 |g 16000 |o 634.44 K600th |p 6162.c3 |r 0000-00-00 |w 2015-01-16 |y STK0 | ||
| 952 | |0 0 |1 0 |2 ddc |4 0 |6 634_440000000000000_K600TH |7 0 |8 600 |9 57246 |a qbu |b qbu |c D3 |d 2015-01-16 |g 16000 |o 634.44 K600th |p 6162.c4 |r 0000-00-00 |w 2015-01-16 |y STK0 | ||
| 952 | |0 0 |1 0 |2 ddc |4 0 |6 634_440000000000000_K600TH |7 0 |8 600 |9 57247 |a qbu |b qbu |c D3 |d 2015-01-16 |g 16000 |o 634.44 K600th |p 6162.c5 |r 0000-00-00 |w 2015-01-16 |y STK0 | ||
| 952 | |0 0 |1 0 |2 ddc |4 0 |6 634_440000000000000_K600TH |7 0 |8 600 |9 57248 |a qbu |b qbu |c D3 |d 2015-01-16 |g 16000 |o 634.44 K600th |p 6162.c6 |r 0000-00-00 |w 2015-01-16 |y STK0 | ||
| 952 | |0 0 |1 0 |2 ddc |4 0 |6 634_440000000000000_K600TH |7 0 |8 600 |9 57249 |a qbu |b qbu |c D3 |d 2015-01-16 |g 16000 |o 634.44 K600th |p 6162.c7 |r 0000-00-00 |w 2015-01-16 |y STK0 | ||
| 952 | |0 0 |1 0 |2 ddc |4 0 |6 634_440000000000000_K600TH |7 0 |8 600 |9 57250 |a qbu |b qbu |c D3 |d 2015-01-16 |g 16000 |o 634.44 K600th |p 6162.c8 |r 0000-00-00 |w 2015-01-16 |y STK0 | ||
| 952 | |0 0 |1 0 |2 ddc |4 0 |6 634_440000000000000_K600TH |7 0 |8 600 |9 57251 |a qbu |b qbu |c D3 |d 2015-01-16 |g 16000 |o 634.44 K600th |p 6162.c9 |r 0000-00-00 |w 2015-01-16 |y STK0 | ||
| 952 | |0 0 |1 0 |2 ddc |4 0 |6 634_440000000000000_K600TH |7 0 |8 600 |9 57252 |a qbu |b qbu |c D3 |d 2015-01-16 |g 16000 |o 634.44 K600th |p 6162.c10 |r 0000-00-00 |w 2015-01-16 |y STK0 | ||